The quest : energy, security and the remaking of the modern world. / (Record no. 8698)
[ view plain ]
| 000 -LEADER | |
|---|---|
| fixed length control field | 01376nam a22001697a 4500 |
| 005 - DATE AND TIME OF LATEST TRANSACTION | |
| control field | 20220214151006.0 |
| 008 - FIXED-LENGTH DATA ELEMENTS--GENERAL INFORMATION | |
| fixed length control field | 220214b ||||| |||| 00| 0 eng d |
| 020 ## - INTERNATIONAL STANDARD BOOK NUMBER | |
| International Standard Book Number | 9780241957776 |
| 050 ## - LIBRARY OF CONGRESS CALL NUMBER | |
| Classification number | HD9502.A2 Y47 |
| 100 ## - MAIN ENTRY--PERSONAL NAME | |
| 9 (RLIN) | Yergin, Daniel |
| Dates associated with a name | 2012. |
| 245 ## - TITLE STATEMENT | |
| Title | The quest : energy, security and the remaking of the modern world. / |
| Statement of responsibility, etc. | Daniel Yergin |
| 260 ## - PUBLICATION, DISTRIBUTION, ETC. | |
| Place of publication, distribution, etc. | London : |
| Name of publisher, distributor, etc. | Penguin Books, |
| Date of publication, distribution, etc. | 2012. |
| 300 ## - PHYSICAL DESCRIPTION | |
| Extent | ix, 804 p., |
| Other physical details | ill., maps ; |
| Dimensions | 25 cm |
| 500 ## - GENERAL NOTE | |
| General note | Includes:notes,bibliography and index. |
| 505 ## - FORMATTED CONTENTS NOTE | |
| Formatted contents note | <br/>Russia returns -- The Caspian derby -- Across the Caspian -- "Supermajors" -- The petro-state -- Aggregate disruption -- War in Iraq -- The demand shock -- China's rise -- China in the fast lane -- Is the world running out of oil? -- Unconventional -- The security of energy -- Shifting sands in the Persian Gulf -- Gas on water -- The natural gas revolution -- Alternating currents -- The nuclear cycle -- Breaking the bargain -- Fuel choice -- Glacial change -- The age of discovery -- The road to Rio -- Making a market -- On the global agenda -- In search of consensus -- Rebirth of renewables -- Science experiment -- Alchemy of shining light -- Mystery of wind -- The fifth fuel--efficiency -- Closing the conservation gap -- Carbohydrate man -- Internal fire -- The great electric car experiment -- Conclusion: "A great revolution". |
| 942 ## - ADDED ENTRY ELEMENTS (KOHA) | |
| Source of classification or shelving scheme | Library of Congress Classification |
| Koha item type | Books |
| Withdrawn status | Lost status | Source of classification or shelving scheme | Damaged status | Not for loan | Home library | Current library | Shelving location | Date acquired | Total Checkouts | Full call number | Barcode | Date last seen | Price effective from | Koha item type |
|---|---|---|---|---|---|---|---|---|---|---|---|---|---|---|
| Library of Congress Classification | WISCONSIN INTERNATIONAL UNIVERSITY COLLEGE, GHANA - MAIN LIBRARY | WISCONSIN INTERNATIONAL UNIVERSITY COLLEGE, GHANA - MAIN LIBRARY | Reference | 14/02/2022 | HD9502.A2 Y47 | 9122/592/22 | 14/02/2022 | 14/02/2022 | Books |
